00455nam a2200169Ia 4500003000400000005001700004008004100021020001400062040000700076041000800083082001600091100001500107245009500122260003800217300001700255365001300272OSt20230405092657.0210423s1970 xx 000 0 und d a393098745 cAL aeng a362.26 SOPH aSOPHOCLES. aOedipus tyrannus: a new translation passsage from ancient authors religion and psychology. aNew YorkbW W Norton & Co.,c1970 aviii,161bPB b250cINR